• 首页
  • 本馆介绍
  • 公告通知
  • 最新文献
  • 馆藏检索
  • 电子资源
  • 读者导购
  • 参考咨询
  • 我的图书馆
  • 登录
  • 详细信息显示
  • 放入我的书架
  • 预约/预借图书
  • 作者相关作品
  • 分类相关作品
  • 丛书相关作品
  • 出版社相关作品

书目信息

  • 表格格式
  • 工作单格式
  • 卡片格式
题名:
胡塞尔选集
    
 
作者:
分册: 下  
出版信息: 上海   三联书店  1997
页数: 601
开本: 20cm
丛书名: 21世纪人类思想家文库
单 册:
中图分类: B0
科图分类:
主题词: 哲学理论
电子资源:
ISBN:
000 00465nam0 2200181 450
001 0735257515
005 20070904094737.51
100    @a20070904d km y0chiy0120 ea
101 0  @achi
200 1  @a胡塞尔选集@Ahu sai er xuan ji@h下
210    @a上海@c三联书店@d1997
215    @a601@d20cm
225 2  @a21世纪人类思想家文库
410  0 @12001 @a21世纪人类思想家文库
606 0  @a哲学理论
690    @aB0@v3
801  0 @aCN@bPFT@c20070904
905    @a213230@dB0@ea104:2@f1
    
    胡塞尔选集.下.-上海:三联书店,1997
    601;20cm.-(21世纪人类思想家文库)
    
    
    ISBN :
    
●
相关链接 在E读中查询图书 在五车中查询图书 在当当中查询图书 在豆瓣中查询图书


正题名:胡塞尔选集     索取号:B0/a104:2         预约/预借

序号 登录号 条形码 馆藏地/架位号 状态 备注
1 7500339   275003390   史法系资料室/ [索取号:B0/a104:2] 在馆    
唐山师范学院图书馆 欢迎您!
大连网信软件有限公司© 版权所有